| 000 | 01052cam a22003257a 4500 | ||
|---|---|---|---|
| 003 | CHAP | ||
| 005 | 20220329134858.0 | ||
| 008 | 971013s1963 enk r 00010 eng d | ||
| 010 | _a27396 | ||
| 011 | _a28368 | ||
| 035 | _a32472 | ||
| 040 | _cCHAP | ||
| 082 | 0 | 4 |
_a311 _bK45 1963 |
| 100 | 0 | 0 |
_aKendall, Maurice George. _963012 |
| 245 | 1 | 4 |
_aThe advanced theory of statistics _c/por Maurice George Kendall |
| 250 | _a2 ed. | ||
| 260 |
_aLondon : _bGriffin, _c1963 |
||
| 300 | _a3 v. | ||
| 500 | _aLa biblioteca tiene : v.1 | ||
| 505 | 0 | _aContenido : v.1 Distribution theory.--v.2 Inference and relationship.-- v.3 Planning and analysis | |
| 590 |
_aBATCH-UPD _b10 _c20130110 _lUCH01 _h2058 |
||
| 590 |
_aBATCH-UPD _b10 _c20130410 _lUCH01 _h1411 |
||
| 590 |
_aBATCH-UPD _b10 _c20130914 _lUCH01 _h1323 |
||
| 590 |
_aCONVERSION _b10 _c20130109 _lUCH01 _h1316 |
||
| 650 | 1 | 4 |
_aEstadÃstica. _938241 |
| 700 | 0 |
_aStuart, Alan. _9110036 |
|
| 901 | _aBK | ||
| 942 | _cLIBRO | ||
| 949 |
_a311 K45 1963 _bBC _cLIBRO _d33724000296430 _eLIBRO _fv.1 _h28203 _i32472 _si |
||
| 999 |
_c27396 _d27396 |
||